书目信息 |
| 题名: |
摩尔根《古代社会》一书摘要
|
|
| 作者: | 马克思 著 ;中国科学院历史研究所翻译组 译 | |
| 分册: | ||
| 出版信息: | 北京 人民出版社 1965.04 |
|
| 页数: | 272页 | |
| 开本: | 20cm | |
| 丛书名: | ||
| 单 册: | ||
| 中图分类: | A124 | |
| 科图分类: | ||
| 主题词: | 马恩著作--单行本 | |
| 电子资源: | ||
| ISBN: | ||
| 000 | 00667nam0 2200205 45 | |
| 001 | 0181023447 | |
| 005 | 20060815165528.50 | |
| 010 | @dCNY0.61 | |
| 091 | @a1001.577 | |
| 100 | @a20810111d1965 km y0chiy0120 ea | |
| 101 | 0 | @achi |
| 200 | 1 | @AMO ER GEN 《 GU DAI SHE HUI 》 YI SHU ZHAI YAO@a摩尔根《古代社会》一书摘要@f马克思著@FMa Ke Si Zhu@g中国科学院历史研究所翻译组译 |
| 210 | @a北京@c人民出版社@d1965.04 | |
| 215 | @a272页@d20cm | |
| 606 | 0 | @a马恩著作@x单行本 |
| 690 | @aA124@v3 | |
| 701 | 0 | @a马克思@4著 |
| 711 | 02 | @a中国科学院历史研究所翻译组@AZhong Guo Ke Xue Yuan Li Shi Yan Jiu Suo Fan Yi Zu@4译 |
| 801 | @aCN@bTSTC@c20060815 | |
| 905 | @dA124@f1@b8112@e1 | |
| 摩尔根《古代社会》一书摘要/马克思著/中国科学院历史研究所翻译组译.-北京:人民出版社,1965.04 |
| 272页;20cm |
| ISBN :CNY0.61 |
| ● |
| 相关链接 |
|
|
|
|
正题名:摩尔根《古代社会》一书摘要
索取号:A124/1
 
预约/预借
| 序号 | 登录号 | 条形码 | 馆藏地/架位号 | 状态 | 备注 |
| 1 | 0008111 | 000000199 | 第一借阅区/ [索取号:A124/1] | 在馆 | |
| 2 | 0008112 | 001843633 | 密集书库/ [索取号:A124/1] | 在馆 | |
| 3 | 0177056 | 000000206 | 第一借阅区/ [索取号:A124/1] | 在馆 | |
| 4 | 0177057 | 000000180 | 第一样本阅览室/ [索取号:A124/1] | 在馆 | |
| 5 | 0440020 | 204400200 | 密集书库/ [索取号:A124/1] | 在馆 | |
| 6 | 0460423 | 204604231 | 密集书库/ [索取号:A124/1] | 在馆 |